000 00309nam a2200133 i 4500
001 bg
100 1 _aMINC, Bronisław
245 0 _aKapitalizm współczesny /
_cBronisław Minc.
260 _aWarszawa,
_c1979.
040 _cBPK
041 _apol
942 _cKS
008 s pl f |000 0 pol
999 _c21512
_d21512
856 _uhttp://koha.tu.koszalin.pl/cgi-bin/koha/opac-detail.pl?biblionumber=21512
_yKatalog online BPK